000 00384nam a2200133Ia 4500
008 100328s9999 xx 000 0 und d
082 _b28695
100 _aहरकारे अरुण.
245 _aकुलस्वामिनी
260 _bरावजी
630 _aकुलस्वामिनी
730 _aकुलस्वामिनी
942 _cBOOK
999 _c519984
_d519981